书目信息 |
| 题名: |
海洋工程水动力学试验研究
|
|
| 作者: | 杨建民 , 肖龙飞 , 盛振邦 编著 | |
| 分册: | ||
| 出版信息: | 上海 上海交通大学出版社 2008.01 |
|
| 页数: | 136页 | |
| 开本: | 26cm | |
| 丛书名: | ||
| 单 册: | ||
| 中图分类: | P731.2 | |
| 科图分类: | ||
| 主题词: | 海洋工程--hai yang gong cheng--海洋动力学--实验--高等学校--教材 | |
| 电子资源: | ||
| ISBN: | 978-7-313-05064-9 | |
| 000 | 01109nam0 2200277 450 | |
| 001 | 012009706211 | |
| 005 | 20090429183332.42 | |
| 010 | @a978-7-313-05064-9@dCNY20.00 | |
| 100 | @a20090429d2008 em y0chi0120 ea | |
| 101 | 0 | @achi |
| 102 | @aCN@b310000 | |
| 105 | @aa a 000yy | |
| 106 | @ar | |
| 200 | 1 | @a海洋工程水动力学试验研究@Ahai yang gong cheng shui dong li xue shi yan yan jiu@f杨建民, 肖龙飞, 盛振邦编著@Fyang jian min,xiao long fei,sheng zhen bang bian zhu |
| 210 | @a上海@c上海交通大学出版社@d2008.01 | |
| 215 | @a136页@c图@d26cm | |
| 300 | @a船舶与海洋工程专业规划教材 | |
| 320 | @a有书目 | |
| 330 | @a本书介绍船舶与海洋工程结构物在海洋风、浪、流环境条件作用下水动力性能的模型试验研究方法及相关理论。主要内容包括:海洋油气开发与海洋平台简介;海洋工程水动力模型试验的历史沿革等。 | |
| 606 | 0 | @a海洋工程@Ahai yang gong cheng@x海洋动力学@x实验@x高等学校@j教材 |
| 690 | @aP731.2@v4 | |
| 701 | 0 | @a杨建民@Ayang jian min@4编著 |
| 701 | 0 | @a肖龙飞@Axiao long fei@4编著 |
| 701 | 0 | @a盛振邦@Asheng zhen bang@4编著 |
| 801 | 0 | @aCN@bQSSK@c20090429 |
| 905 | @b739015-17@dP731.2@eY204@f3 | |
| 海洋工程水动力学试验研究/杨建民, 肖龙飞, 盛振邦编著.-上海:上海交通大学出版社,2008.01 |
| 136页:图;26cm |
| 船舶与海洋工程专业规划教材 |
| ISBN 978-7-313-05064-9:CNY20.00 |
| 本书介绍船舶与海洋工程结构物在海洋风、浪、流环境条件作用下水动力性能的模型试验研究方法及相关理论。主要内容包括:海洋油气开发与海洋平台简介;海洋工程水动力模型试验的历史沿革等。 |
| ● |
| 相关链接 |
|
|
|
正题名:海洋工程水动力学试验研究
索取号:P731.2/Y204
 
预约/预借
| 序号 | 登录号 | 条形码 | 馆藏地/架位号 | 状态 | 备注 |
| 1 | 739015 | 207390152 | 期刊室512/401自科库 130排1列4层/ [索取号:P731.2/Y204] | 在馆 | |
| 2 | 739016 | 207390161 | 自科库401/401自科库 134排2列3层/ [索取号:P731.2/Y204] | 在馆 | |
| 3 | 739017 | 207390170 | 期刊室512/401自科库 130排1列4层/ [索取号:P731.2/Y204] | 在馆 |